| 000 | 01115nam0a22002411 4500 | ||
|---|---|---|---|
| 001 | rc\4553996 | ||
| 005 | 20260407051646.0 | ||
| 021 |
_aRU _bРг4619-62 |
||
| 035 | _a(NLR Aleph) 008365512 | ||
| 090 |
_a9025267 _c9025267 |
||
| 100 | _a20130416d1962 |||y0rusy50 ca | ||
| 101 | 0 | _arus | |
| 102 | _aRU | ||
| 105 | _ay z ||||| | ||
| 200 | 1 |
_aТезисы докладов Научно-методической конференции Библиотеки ЛИИЖТ"а 15-16-17 мая 1962 г. _fЛенингр. ордена Ленина ин-т инженеров ж.-д. транспорта им. акад. В.Н. Образцова. Науч.-техн. б-ка |
|
| 210 |
_aЛенинград _cБ. и. _d1962 |
||
| 215 |
_a16 с. _d21 |
||
| 710 | 0 | 2 |
_aЛенинградский институт инженеров железнодорожного транспорта им. В. Н. Образцова _bНаучно-техническая библиотека _9539948 _3RU\NLR\AUTH\8810020980 |
| 801 | 0 |
_aRU _bNLR _gpsbo |
|
| 801 | 1 |
_aRU _bELAR _2rusmarc |
|
| 852 |
_aNLR _jБ 6320/Т299 |
||
| 942 | _cBOOK | ||
| 980 | _aNB | ||